• 首页
  • 本馆介绍
  • 公告通知
  • 最新文献
  • 馆藏检索
  • 电子资源
  • 读者导购
  • 参考咨询
  • 我的图书馆
  • 登录
  • 详细信息显示
  • 放入我的书架
  • 预约/预借图书
  • 作者相关作品
  • 分类相关作品
  • 丛书相关作品
  • 出版社相关作品

书目信息

  • 表格格式
  • 工作单格式
  • 卡片格式
题名:
中国商务
    
 
作者: 马可 , 李俊 主编 ;诸庆安 译
分册:  
出版信息: 北京   五洲传播出版社  2004
页数: 500
开本: 21cm
丛书名:
单 册:
中图分类: F72
科图分类:
主题词: 商业经济--中国
电子资源:
ISBN: 7-5085-0454-2
000 00614nam0 2200205 450
001 0753815641
005 20070930145655.64
010    @a7-5085-0454-2@d¥188.00
100    @a20070930d km y0chiy0120 ea
101 0  @achi
200 1  @a中国商务@Azhong guo shang wu@f马可,李俊主编@Fma ke,li jun zhu bian@g诸庆安译@Gzhu qing an yi
210    @a北京@c五洲传播出版社@d2004
215    @a500@d21cm@e光盘一块
606 0  @a商业经济@x中国
690    @aF72@v3
701  0 @a马可@Ama ke@4主编
701  0 @a李俊@Ali jun@4主编
702  0 @a诸庆安@Azhu qing an@4译
801  0 @aCN@bPFT@c20070930
905    @a213230@dF72@eg226@f1
    
    中国商务/马可,李俊主编/诸庆安译.-北京:五洲传播出版社,2004
    500;21cm+光盘一块
    
    
    ISBN 7-5085-0454-2:¥188.00
    
●
相关链接 在E读中查询图书 在五车中查询图书 在当当中查询图书 在豆瓣中查询图书


正题名:中国商务     索取号:F72/g226         预约/预借

序号 登录号 条形码 馆藏地/架位号 状态 备注
1 6504474   265044748   密集书库-海洋学院/ [索取号:F72/g226] 在馆    
唐山师范学院图书馆 欢迎您!
大连网信软件有限公司© 版权所有